| 000 | 00982cam a22002531 4500 | ||
|---|---|---|---|
| 001 | rc 01000193 | ||
| 003 | DLC | ||
| 005 | 20260227111859.0 | ||
| 008 | 820914s1874 dcu f000 0 eng | ||
| 010 | _arc 01000193 | ||
| 035 | _a(OCoLC)8771227 | ||
| 040 |
_aDLC _cPPAN _dDLC |
||
| 042 | _apremarc | ||
| 050 | 0 | 0 |
_aF788 _b.S649 |
| 110 | 2 | _aSmithsonian Institution. | |
| 245 | 1 | 0 |
_aReport of the explorations in 1873 of the Colorado of the West and its tributaries, _cby Professor J.W. Powell, under the direction of the Smithsonian institution. |
| 260 |
_aWashington, _bGovt. print. off., _c1874. |
||
| 300 |
_a36 p. _c25 1/2 cm. |
||
| 500 | _aThird preliminary report, dated May 1, 1874. | ||
| 500 | _aAlso issued as House misc. doc. 265, 43rd Cong., 1st sess. (Washington, 1874) under title : Professor Powell's report ... | ||
| 651 | 0 | _aColorado River (Colo.-Mexico) | |
| 651 | 0 |
_aUnited States _xDiscovery and exploration. |
|
| 700 | 1 |
_aPowell, John Wesley, _d1834-1902. |
|
| 999 |
_c51747 _d51747 |
||